000 00458nam a2200181Ia 4500
001 24439
005 20260414151043.0
008 260414t2021||||xx |||||||||||||| ||spa||
041 _aESP
082 _a345.7
_bM61
110 _aMinisterio de Justicia y Derechos Humanos
245 0 _aProyecto del nuevo código procesal civil
_b
260 _c2021
300 _a268 páginas :
_c24 cm.
650 _aDER
654 _aCDE
942 _cLIB
_dJUS
_fJUS
_2ddc
_n
999 _c24439
_d24439